000 00297nam a2200121Ia 4500
008 240624s9999 xx 000 0 und d
041 _aeng
082 _a006.31 BRI
100 _aBRINK HENRIK
245 _aREAL WORLD MACHINE LEARNING
260 _c2018
_aNew Delhi
_bDreamtech Press
365 _cRS
999 _c32478
_d32478